NBA Top 50 Most Points in a Season Quiz - Statistics

General Stats
  • This quiz has been taken 407 times
  • The average score is 36 of 50
Answer Stats
Season Points Player % Correct
1961-62 4,029 Wilt Chamberlain
99%
1962-63 3,586 Wilt Chamberlain
99%
1960-61 3,033 Wilt Chamberlain
99%
1963-64 2,948 Wilt Chamberlain
99%
1959-60 2,707 Wilt Chamberlain
99%
1965-66 2,649 Wilt Chamberlain
99%
1986-87 3,041 Michael Jordan
97%
1987-88 2,868 Michael Jordan
97%
1989-90 2,753 Michael Jordan
97%
1988-89 2,633 Michael Jordan
97%
1990-91 2,580 Michael Jordan
97%
1992-93 2,541 Michael Jordan
97%
1995-96 2,491 Michael Jordan
97%
1996-97 2,431 Michael Jordan
97%
1991-92 2,404 Michael Jordan
97%
2005-06 2,832 Kobe Bryant
95%
2002-03 2,461 Kobe Bryant
95%
2006-07 2,430 Kobe Bryant
95%
2005-06 2,478 LeBron James
95%
1971-72 2,822 Kareem Abdul-Jabbar
89%
1970-71 2,596 Kareem Abdul-Jabbar
89%
2018-19 2,818 James Harden
86%
1965-66 2,476 Jerry West
86%
2013-14 2,593 Kevin Durant
83%
2009-10 2,472 Kevin Durant
83%
2016-17 2,558 Russell Westbrook
74%
1989-90 2,540 Karl Malone
72%
1981-82 2,520 Moses Malone
71%
2008-09 2,386 Dwyane Wade
66%
1962-63 2,719 Elgin Baylor
58%
1960-61 2,538 Elgin Baylor
58%
1963-64 2,480 Oscar Robertson
58%
1961-62 2,432 Oscar Robertson
58%
1966-67 2,412 Oscar Robertson
58%
1993-94 2,383 David Robinson
55%
2002-03 2,407 Tracy McGrady
52%
1979-80 2,585 George Gervin
50%
1981-82 2,551 George Gervin
50%
1961-62 2,429 Bob Pettit
48%
1974-75 2,831 Bob McAdoo
44%
1975-76 2,427 Bob McAdoo
44%
1970-71 2,388 John Havlicek
44%
1966-67 2,775 Rick Barry
41%
1974-75 2,450 Rick Barry
41%
1987-88 2,397 Dominique Wilkins
40%
1981-82 2,457 Adrian Dantley
28%
1980-81 2,452 Adrian Dantley
28%
1983-84 2,418 Adrian Dantley
28%
1972-73 2,719 Nate Archibald
21%
1961-62 2,495 Walt Bellamy
14%
No matching quizzes found
Score Distribution
Percent of People with Each Score
Percentile by Number Answered
Your Score History
You have not taken this quiz